Library Banner

Sindh observed (Record no. 75468)

MARC details
000 -LEADER
fixed length control field 00360nam a22001457a 4500
005 - DATE AND TIME OF LATEST TRANSACTION
control field 20150907104530.0
008 - FIXED-LENGTH DATA ELEMENTS--GENERAL INFORMATION
fixed length control field 150907b xxu||||| |||| 00| 0 eng d
040 ## - CATALOGING SOURCE
Transcribing agency PK-LaUMT
082 ## - DEWEY DECIMAL CLASSIFICATION NUMBER
Classification number KHC 954.918
Item number MUB-S
100 ## - MAIN ENTRY--PERSONAL NAME
Personal name Mubarak Ali
245 ## - TITLE STATEMENT
Title Sindh observed
Statement of responsibility, etc Mubarak Ali
260 ## - PUBLICATION, DISTRIBUTION, ETC. (IMPRINT)
Place of publication, distribution, etc Lahore
Name of publisher, distributor, etc gautam publishers
Date of publication, distribution, etc [N.D]
300 ## - PHYSICAL DESCRIPTION
Extent 303 p.
942 ## - ADDED ENTRY ELEMENTS (KOHA)
Koha item type Books
Holdings
Withdrawn status Lost status Damaged status Home library Current library Date acquired Full call number Barcode Date last seen Price effective from Koha item type
      UMT Main Campus UMT Main Campus 2015-09-07 KHC 954.918 MUB-S 74491 2015-09-07 2015-09-07 Books